000 00862nam a2200241Ia 4500
005 20211108095959.0
008 130821s2013 sp gr f spa
020 _a9788433931511
040 _aCO-BoUCM
_bspa
_cJose A. Gerena (modificó)
_d[Nuevo]
041 _aspa
100 1 _aOe, Kenzaburo
_968718
245 _aUna cuestión personal
_cKenzaburo Oé; traducido del japonés por Yoonah Kim con la colaboración de Roberto Fernández Sastre
250 _a9a ed
260 _aBarcelona (España)
_bAnagrama
_c2013
300 _a189 páginas
650 0 4 _aLiteratura japonesa
_ySiglo XX
_918695
650 0 4 _aNovela japonesa
_ySiglo XX
_920535
690 _aLiteratura oriental
_918717
700 _aKim, Yoonah., Traductor
_968719
765 1 _tKojinteki na Taiken
942 _cLIBRO
_a18
_e9
_mO31
_n0
_2DEWEY
_h895.65
999 _c3000
_d3000